Úloha medzinárodných organizácií na riešení globálnych problémov bakalárska práca

Na minha lista:
Detalhes bibliográficos
Autor principal: Krempaská, Andrea
Autor Corporativo: Fakulta medzinárodných vzťahov EU. Katedra medzinárodných ekonomických vzťahov a hospodárskej diplomacie
Outros Autores: Lysák, Ladislav
Formato: Livro
Idioma:eslovaco
Publicado em: Bratislava 2009
Tags: Adicionar Tag
Sem tags, seja o primeiro a adicionar uma tag!

MARC

LEADER 00000nam$a2200000$$$4500
001 0099856
005 20240318140957.5
041 0 |a slo 
044 |a SK 
245 1 0 |a Úloha medzinárodných organizácií na riešení globálnych problémov  |b bakalárska práca  |c Andrea Krempaská ; škol. Ladislav Lysák 
264 1 |a Bratislava  |c 2009 
300 |a 47 s. 
100 1 |a Krempaská, Andrea 
700 1 |a Lysák, Ladislav 
710 2 |a Fakulta medzinárodných vzťahov EU. Katedra medzinárodných ekonomických vzťahov a hospodárskej diplomacie